[Event "imp"]
[Site "?"]
[Date "2015.04.01"]
[Round "8.2"]
[White "Tomczak, Jacek"]
[Black "Duda, Jan-krzysztof"]
[Result "1/2-1/2"]
[LiveChessVersion "1.4.4"]
[BlackElo "2597"]
[WhiteElo "2554"]

1. e4 {[%clk 1:30:57]} c5 {[%clk 1:30:42]} 2. Nf3 {[%clk 1:31:22]} d6
{[%clk 1:31:05]} 3. d4 {[%clk 1:31:46]} cxd4 {[%clk 1:31:19]} 4. Nxd4
{[%clk 1:32:09]} Nf6 {[%clk 1:31:41]} 5. Nc3 {[%clk 1:32:33]} a6 {[%clk 1:32:01]}
6. Bg5 {[%clk 1:32:56]} Nbd7 {[%clk 1:30:07]} 7. Bc4 {[%clk 1:33:19]} Qb6
{[%clk 1:27:11]} 8. Bb3 {[%clk 1:33:40]} e6 {[%clk 1:26:07]} 9. Bxf6
{[%clk 1:34:02]} Nxf6 {[%clk 1:26:17]} 10. Qd2 {[%clk 1:34:26]} Be7
{[%clk 1:19:22]} 11. f4 {[%clk 1:34:46]} O-O {[%clk 0:55:28]} 12. O-O-O
{[%clk 1:34:59]} Nd7 {[%clk 0:45:49]} 13. g4 {[%clk 1:35:18]} Nc5
{[%clk 0:46:02]} 14. g5 {[%clk 1:35:21]} Bd7 {[%clk 0:39:35]} 15. f5
{[%clk 1:31:03]} Rfc8 {[%clk 0:38:20]} 16. Kb1 {[%clk 1:29:18]} Nxb3
{[%clk 0:18:52]} 17. cxb3 {[%clk 1:27:17]} Qc5 {[%clk 0:16:21]} 18. h4
{[%clk 1:19:18]} b5 {[%clk 0:13:31]} 19. f6 {[%clk 1:11:28]} Bd8 {[%clk 0:09:55]}
20. fxg7 {[%clk 1:05:20]} b4 {[%clk 0:09:28]} 21. g6 {[%clk 0:57:07]} Bf6
{[%clk 0:04:43]} 22. gxf7+ {[%clk 0:51:01]} Kxf7 {[%clk 0:05:06]} 23. Nce2
{[%clk 0:49:43]} Ke7 {[%clk 0:04:38]} 24. Qh6 {[%clk 0:40:36]} Rg8
{[%clk 0:03:37]} 25. Rhg1 {[%clk 0:40:15]} Rac8 {[%clk 0:02:32]} 26. Qxh7
{[%clk 0:37:18]} Qe5 {[%clk 0:02:46]} 27. h5 {[%clk 0:33:50]} Bb5
{[%clk 0:02:42]} 28. Nc1 {[%clk 0:26:35]} Qh2 {[%clk 0:02:20]} 29. e5
{[%clk 0:23:51]} dxe5 {[%clk 0:02:19]} 30. Nf3 {[%clk 0:21:05]} Qf4
{[%clk 0:01:55]} 31. Nd2 {[%clk 0:21:29]} e4 {[%clk 0:01:11]} 32. Qxe4
{[%clk 0:15:35]} Qxe4+ {[%clk 0:01:38]} 33. Nxe4 {[%clk 0:16:02]} Rxg7
{[%clk 0:01:47]} 34. Nxf6 {[%clk 0:15:08]} Rxg1 {[%clk 0:02:02]} 35. Nd5+
{[%clk 0:13:48]} exd5 {[%clk 0:02:07]} 36. Rxg1 {[%clk 0:14:14]} Kf6
{[%clk 0:01:30]} 37. a3 {[%clk 0:10:37]} bxa3 {[%clk 0:00:55]} 38. bxa3
{[%clk 0:11:05]} Rh8 {[%clk 0:00:54]} 39. Rh1 {[%clk 0:10:29]} Rh6
{[%clk 0:00:41]} 40. Kc2 {[%clk 0:40:18]} Be8 {[%clk 0:30:45]} 41. Nd3
{[%clk 0:24:56]} d4 {[%clk 0:15:42]} 42. Rh4 {[%clk 0:19:56]} Rxh5
{[%clk 0:11:16]} 43. Rxd4 {[%clk 0:20:19]} Ke7 {[%clk 0:10:49]} 44. Nf4
{[%clk 0:16:29]} Rc5+ {[%clk 0:10:19]} 45. Kb2 {[%clk 0:14:07]} Bf7
{[%clk 0:09:50]} 46. Nd3 {[%clk 0:14:23]} Rd5 {[%clk 0:08:49]} 47. Rxd5
{[%clk 0:05:59]} Bxd5 {[%clk 0:09:17]} 48. Nc5 {[%clk 0:06:25]} a5
{[%clk 0:09:37]} 49. Na4 {[%clk 0:06:53]} Kd6 {[%clk 0:06:18]} 50. Nb6
{[%clk 0:05:30]} Kc5 {[%clk 0:06:18]} 51. Na4+ {[%clk 0:03:53]} Kd4
{[%clk 0:06:33]} 52. Nc3 {[%clk 0:04:21]} Be6 {[%clk 0:06:22]} 53. Kc2
{[%clk 0:04:44]} Bf5+ {[%clk 0:05:58]} 54. Kd2 {[%clk 0:05:11]} Bd3
{[%clk 0:05:12]} 55. Nd1 {[%clk 0:05:38]} Bg6 {[%clk 0:05:05]} 56. Ne3
{[%clk 0:04:42]} Be4 {[%clk 0:05:08]} 57. Nc2+ {[%clk 0:04:21]} Kc5
{[%clk 0:05:31]} 58. Ne3 {[%clk 0:02:44]} Kd4 {[%clk 0:05:43]} 59. a4
{[%clk 0:01:31]} Bd3 {[%clk 0:05:10]} 60. Nd1 {[%clk 0:01:32]} Bf5
{[%clk 0:05:04]} 61. Nc3 {[%clk 0:01:57]} Bd3 {[%clk 0:04:58]} 62. Na2
{[%clk 0:02:21]} Bf1 {[%clk 0:04:43]} 63. Nc3 {[%clk 0:02:48]} Bd3
{[%clk 0:04:58]} 64. Nd1 {[%clk 0:03:16]} Bf5 {[%clk 0:05:12]} 65. Ne3
{[%clk 0:03:38]} Bd3 {[%clk 0:05:30]} 66. Ng2 {[%clk 0:03:26]} Bc4
{[%clk 0:04:51]} 67. Kc2 {[%clk 0:03:53]} Bd3+ {[%clk 0:05:13]} 68. Kb2
{[%clk 0:04:15]} Bf5 {[%clk 0:04:57]} 69. Nf4 {[%clk 0:04:28]} Ke3
{[%clk 0:04:26]} 70. Nd5+ {[%clk 0:04:46]} Kd4 {[%clk 0:04:51]} 71. Ne7
{[%clk 0:04:10]} Be4 {[%clk 0:04:53]} 72. Nc8 {[%clk 0:04:37]} Bc6
{[%clk 0:03:07]} 73. Ka3 {[%clk 0:03:57]} Kc5 {[%clk 0:03:15]} 74. Ne7
{[%clk 0:04:07]} Be4 {[%clk 0:03:38]} 75. Ng8 {[%clk 0:04:34]} Kd4
{[%clk 0:02:22]} 76. b4 {[%clk 0:01:57]} axb4+ {[%clk 0:01:58]} 77. Kxb4
{[%clk 0:02:25]} Bd3 {[%clk 0:01:01]} 78. Ne7 {[%clk 0:02:48]} Be2
{[%clk 0:01:05]} 79. Ng6 {[%clk 0:02:45]} Bf1 {[%clk 0:01:16]} 80. Ne7
{[%clk 0:02:30]} Be2 {[%clk 0:01:38]} 81. Nf5+ {[%clk 0:02:22]} Kd5
{[%clk 0:01:50]} 82. Ne7+ {[%clk 0:02:48]} 1/2-1/2

[Event "imp"]
[Site "?"]
[Date "2015.04.01"]
[Round "8.3"]
[White "Swiercz, Dariusz"]
[Black "Klekowski, Maciej"]
[Result "0-1"]
[LiveChessVersion "1.4.4"]
[BlackElo "2434"]
[WhiteElo "2622"]

1. Nf3 {[%clk 1:30:56]} Nf6 {[%clk 1:30:11]} 2. c4 {[%clk 1:31:20]} e6
{[%clk 1:23:23]} 3. Nc3 {[%clk 1:31:34]} d5 {[%clk 1:20:11]} 4. d4
{[%clk 1:31:34]} Be7 {[%clk 1:17:22]} 5. Bf4 {[%clk 1:31:38]} O-O
{[%clk 1:15:19]} 6. e3 {[%clk 1:31:55]} b6 {[%clk 1:05:25]} 7. Bd3
{[%clk 1:31:59]} Bb7 {[%clk 0:59:50]} 8. cxd5 {[%clk 1:27:42]} exd5
{[%clk 0:57:48]} 9. O-O {[%clk 1:26:52]} c5 {[%clk 0:54:12]} 10. dxc5
{[%clk 1:14:22]} bxc5 {[%clk 0:54:34]} 11. Rc1 {[%clk 1:14:50]} Nbd7
{[%clk 0:42:52]} 12. Bf5 {[%clk 1:03:38]} Nb6 {[%clk 0:35:54]} 13. Re1
{[%clk 0:42:02]} Bc8 {[%clk 0:30:56]} 14. Qd3 {[%clk 0:35:57]} g6
{[%clk 0:28:37]} 15. Bxc8 {[%clk 0:36:21]} Rxc8 {[%clk 0:29:04]} 16. Qa6
{[%clk 0:35:43]} Ra8 {[%clk 0:25:14]} 17. Ne5 {[%clk 0:32:08]} Qc8
{[%clk 0:24:47]} 18. Qb5 {[%clk 0:32:24]} Qe6 {[%clk 0:24:51]} 19. Nc6
{[%clk 0:22:15]} Bd6 {[%clk 0:24:17]} 20. Ne2 {[%clk 0:22:29]} Nbd7
{[%clk 0:24:13]} 21. Qa6 {[%clk 0:05:14]} Nb6 {[%clk 0:05:40]} 22. Na5
{[%clk 0:05:28]} Be7 {[%clk 0:06:00]} 23. Bg3 {[%clk 0:05:24]} Ne4
{[%clk 0:05:43]} 24. Nf4 {[%clk 0:05:38]} Qf6 {[%clk 0:05:59]} 25. Qe2
{[%clk 0:03:13]} h5 {[%clk 0:06:00]} 26. f3 {[%clk 0:02:20]} Nxg3
{[%clk 0:06:09]} 27. hxg3 {[%clk 0:02:49]} c4 {[%clk 0:06:02]} 28. a3
{[%clk 0:02:32]} Rac8 {[%clk 0:05:57]} 29. Qd2 {[%clk 0:01:15]} Qg5
{[%clk 0:06:22]} 30. Ne2 {[%clk 0:00:44]} Bc5 {[%clk 0:05:33]} 31. f4
{[%clk 0:01:12]} Qg4 {[%clk 0:05:46]} 32. Kf2 {[%clk 0:00:48]} Rfe8
{[%clk 0:05:40]} 33. Nd4 {[%clk 0:01:09]} h4 {[%clk 0:05:49]} 34. gxh4
{[%clk 0:01:12]} Qxh4+ {[%clk 0:06:15]} 35. Kf1 {[%clk 0:00:34]} Re4
{[%clk 0:06:39]} 36. Nac6 {[%clk 0:00:33]} Qh1+ {[%clk 0:04:15]} 37. Kf2
{[%clk 0:00:52]} Qh4+ {[%clk 0:04:40]} 38. Kf1 {[%clk 0:01:19]} Rxc6
{[%clk 0:03:56]} 39. Nxc6 {[%clk 0:01:47]} Qh1+ {[%clk 0:04:21]} 40. Ke2
{[%clk 0:32:00]} Rxe3+ {[%clk 0:34:25]} 41. Qxe3 {[%clk 0:23:55]} Qxg2+
{[%clk 0:34:44]} 42. Kd1 {[%clk 0:24:24]} Bxe3 {[%clk 0:35:04]} 43. Rxe3
{[%clk 0:24:53]} Qf1+ {[%clk 0:33:56]} 44. Kd2 {[%clk 0:25:05]} Qxf4
{[%clk 0:33:42]} 45. Ke2 {[%clk 0:23:27]} d4 {[%clk 0:34:03]} 46. Re8+
{[%clk 0:23:53]} Kg7 {[%clk 0:34:30]} 47. Rf1 {[%clk 0:22:09]} d3+
{[%clk 0:34:55]} 48. Ke1 {[%clk 0:22:38]} d2+ {[%clk 0:35:21]} 0-1

[Event "imp"]
[Site "?"]
[Date "2015.04.01"]
[Round "8.4"]
[White "Socko, Bartosz"]
[Black "Bartel, Mateusz"]
[Result "1/2-1/2"]
[LiveChessVersion "1.4.4"]
[BlackElo "2627"]
[WhiteElo "2623"]

1. e4 {[%clk 1:30:57]} c5 {[%clk 1:30:52]} 2. Nf3 {[%clk 1:31:12]} Nc6
{[%clk 1:31:16]} 3. d4 {[%clk 1:31:26]} cxd4 {[%clk 1:31:37]} 4. Nxd4
{[%clk 1:31:51]} Nf6 {[%clk 1:32:01]} 5. Nc3 {[%clk 1:32:09]} d6 {[%clk 1:32:26]}
6. Bg5 {[%clk 1:32:20]} e6 {[%clk 1:32:50]} 7. Qd2 {[%clk 1:32:33]} a6
{[%clk 1:33:13]} 8. O-O-O {[%clk 1:31:39]} h6 {[%clk 1:33:39]} 9. Bf4
{[%clk 1:27:21]} Bd7 {[%clk 1:33:06]} 10. Nxc6 {[%clk 1:26:38]} Bxc6
{[%clk 1:33:29]} 11. f3 {[%clk 1:25:45]} d5 {[%clk 1:33:27]} 12. exd5
{[%clk 1:23:22]} Nxd5 {[%clk 1:25:45]} 13. Nxd5 {[%clk 1:23:43]} Qxd5
{[%clk 1:25:29]} 14. Qxd5 {[%clk 1:21:20]} Bxd5 {[%clk 1:25:44]} 15. c4
{[%clk 1:20:43]} Bc6 {[%clk 1:12:43]} 16. Be2 {[%clk 1:16:42]} Bc5
{[%clk 1:11:41]} 17. Bd6 {[%clk 1:15:19]} Bxd6 {[%clk 1:11:30]} 18. Rxd6
{[%clk 1:15:44]} Ke7 {[%clk 1:09:46]} 19. Rhd1 {[%clk 1:16:07]} a5
{[%clk 1:00:47]} 20. R6d2 {[%clk 1:13:56]} g5 {[%clk 0:59:09]} 21. Kc2
{[%clk 1:11:00]} h5 {[%clk 0:58:21]} 22. Kc3 {[%clk 1:11:08]} h4 {[%clk 0:53:38]}
23. b3 {[%clk 1:07:43]} Rh6 {[%clk 0:52:06]} 24. a3 {[%clk 1:05:18]} h3
{[%clk 0:52:04]} 25. g3 {[%clk 1:05:37]} Rf6 {[%clk 0:52:30]} 26. Rd3
{[%clk 1:05:37]} e5 {[%clk 0:47:49]} 27. Re3 {[%clk 1:04:44]} e4 {[%clk 0:36:54]}
28. Rf1 {[%clk 1:01:49]} Re6 {[%clk 0:27:03]} 29. f4 {[%clk 1:01:18]} gxf4
{[%clk 0:24:51]} 30. Rxf4 {[%clk 0:59:51]} Rd8 {[%clk 0:20:59]} 31. b4
{[%clk 0:31:35]} axb4+ {[%clk 0:21:04]} 32. axb4 {[%clk 0:31:53]} Ra8
{[%clk 0:21:13]} 33. Kb3 {[%clk 0:30:51]} b6 {[%clk 0:20:30]} 34. b5
{[%clk 0:28:54]} Bb7 {[%clk 0:20:58]} 35. Bg4 {[%clk 0:28:29]} Rd6
{[%clk 0:18:23]} 36. Bf5 {[%clk 0:28:23]} Ra1 {[%clk 0:16:54]} 37. g4
{[%clk 0:23:35]} Rg1 {[%clk 0:06:58]} 38. Kc3 {[%clk 0:06:01]} Rc1+
{[%clk 0:06:54]} 39. Kb3 {[%clk 0:06:25]} Rg1 {[%clk 0:03:32]} 40. Kc3
{[%clk 0:30:51]} Rc1+ {[%clk 0:33:47]} 41. Kb3 {[%clk 0:31:08]} 1/2-1/2

[Event "imp"]
[Site "?"]
[Date "2015.04.01"]
[Round "8.5"]
[White "Piorun, Kacper"]
[Black "Sieciechowicz, Marcin"]
[Result "1-0"]
[LiveChessVersion "1.4.4"]
[BlackElo "2447"]
[WhiteElo "2528"]

1. e4 {[%clk 1:30:58]} c5 {[%clk 1:30:49]} 2. Nf3 {[%clk 1:31:21]} d6
{[%clk 1:31:12]} 3. d4 {[%clk 1:31:47]} cxd4 {[%clk 1:31:39]} 4. Nxd4
{[%clk 1:32:12]} Nf6 {[%clk 1:32:06]} 5. Nc3 {[%clk 1:32:36]} a6 {[%clk 1:32:32]}
6. Bg5 {[%clk 1:32:44]} e6 {[%clk 1:31:56]} 7. f4 {[%clk 1:32:11]} Qb6
{[%clk 1:31:42]} 8. Qd3 {[%clk 1:32:34]} Nc6 {[%clk 1:29:51]} 9. Bxf6
{[%clk 1:32:49]} gxf6 {[%clk 1:30:19]} 10. Nb3 {[%clk 1:33:12]} Bd7
{[%clk 1:29:14]} 11. Be2 {[%clk 1:32:38]} h5 {[%clk 1:26:43]} 12. O-O-O
{[%clk 1:32:50]} O-O-O {[%clk 1:25:50]} 13. Rhf1 {[%clk 1:33:05]} Kb8
{[%clk 1:18:22]} 14. Kb1 {[%clk 1:33:02]} Rc8 {[%clk 1:16:19]} 15. Qh3
{[%clk 1:33:26]} Nb4 {[%clk 1:09:59]} 16. Nd2 {[%clk 1:16:52]} a5
{[%clk 0:48:13]} 17. a3 {[%clk 1:10:45]} Na6 {[%clk 0:47:18]} 18. Nc4
{[%clk 0:51:07]} Qc7 {[%clk 0:45:56]} 19. Rd2 {[%clk 0:49:53]} Nc5
{[%clk 0:36:29]} 20. Rfd1 {[%clk 0:48:57]} Bc6 {[%clk 0:34:41]} 21. Qe3
{[%clk 0:44:57]} Na4 {[%clk 0:29:37]} 22. Nxa4 {[%clk 0:31:38]} Bxa4
{[%clk 0:30:06]} 23. b3 {[%clk 0:28:25]} Bb5 {[%clk 0:22:23]} 24. Nb6
{[%clk 0:23:53]} Bxe2 {[%clk 0:21:43]} 25. Rxe2 {[%clk 0:24:13]} Rd8
{[%clk 0:20:55]} 26. Rd3 {[%clk 0:21:53]} d5 {[%clk 0:14:51]} 27. Rc3
{[%clk 0:22:19]} d4 {[%clk 0:12:37]} 28. Rxc7 {[%clk 0:22:45]} dxe3
{[%clk 0:12:56]} 29. Rxf7 {[%clk 0:22:21]} Bxa3 {[%clk 0:11:16]} 30. Nc4
{[%clk 0:20:04]} Rd1+ {[%clk 0:10:31]} 31. Ka2 {[%clk 0:20:29]} Bc5
{[%clk 0:08:52]} 32. Nxe3 {[%clk 0:20:54]} Rg1 {[%clk 0:08:09]} 33. Kb2
{[%clk 0:17:21]} Rd8 {[%clk 0:03:23]} 34. Nc4 {[%clk 0:16:38]} Rdd1
{[%clk 0:03:17]} 35. Nxa5 {[%clk 0:15:49]} Bd4+ {[%clk 0:01:59]} 36. Ka3
{[%clk 0:15:32]} Bc3 {[%clk 0:01:08]} 37. b4 {[%clk 0:15:59]} Rb1
{[%clk 0:00:33]} 38. Rxb7+ {[%clk 0:13:59]} Ka8 {[%clk 0:01:02]} 39. Rb5
{[%clk 0:12:51]} Rb2 {[%clk 0:00:42]} 40. Nb3 {[%clk 0:43:10]} Rgb1
{[%clk 0:30:34]} 41. Rc5 {[%clk 0:41:46]} Be1 {[%clk 0:25:00]} 42. Rxh5
{[%clk 0:40:46]} Ka7 {[%clk 0:25:26]} 43. Rxe1 {[%clk 0:39:44]} Rxb3+
{[%clk 0:25:46]} 44. cxb3 {[%clk 0:40:09]} Rxe1 {[%clk 0:26:12]} 45. Rh6
{[%clk 0:40:34]} 1-0

[Event "imp"]
[Site "?"]
[Date "2015.04.01"]
[Round "8.6"]
[White "Kolosowski, Mateusz"]
[Black "Olszewski, Michal"]
[Result "0-1"]
[LiveChessVersion "1.4.4"]
[BlackElo "2567"]
[WhiteElo "2443"]

1. d4 {[%clk 1:30:57]} Nf6 {[%clk 1:30:56]} 2. c4 {[%clk 1:31:18]} e6
{[%clk 1:31:22]} 3. Nc3 {[%clk 1:31:42]} Bb4 {[%clk 1:31:48]} 4. e3
{[%clk 1:32:04]} O-O {[%clk 1:31:58]} 5. Nge2 {[%clk 1:32:29]} d5
{[%clk 1:30:24]} 6. a3 {[%clk 1:31:42]} Bd6 {[%clk 1:30:49]} 7. Ng3
{[%clk 1:32:00]} Re8 {[%clk 1:27:05]} 8. cxd5 {[%clk 1:31:09]} exd5
{[%clk 1:27:23]} 9. Bd3 {[%clk 1:31:33]} Nbd7 {[%clk 1:21:23]} 10. O-O
{[%clk 1:31:03]} Nf8 {[%clk 1:21:13]} 11. Bd2 {[%clk 1:21:10]} Ng6
{[%clk 1:19:03]} 12. f3 {[%clk 1:14:02]} a6 {[%clk 1:14:25]} 13. b4
{[%clk 1:10:41]} c6 {[%clk 1:12:10]} 14. Qc2 {[%clk 1:08:51]} a5 {[%clk 0:35:46]}
15. Rab1 {[%clk 0:50:21]} axb4 {[%clk 0:36:07]} 16. axb4 {[%clk 0:50:50]} Be6
{[%clk 0:33:13]} 17. Na4 {[%clk 0:44:59]} Qc7 {[%clk 0:30:14]} 18. f4
{[%clk 0:44:54]} Ne7 {[%clk 0:27:32]} 19. Rfc1 {[%clk 0:42:11]} h5
{[%clk 0:26:25]} 20. h3 {[%clk 0:31:00]} h4 {[%clk 0:25:43]} 21. Nf1
{[%clk 0:31:26]} Bf5 {[%clk 0:20:23]} 22. Bxf5 {[%clk 0:25:18]} Nxf5
{[%clk 0:20:42]} 23. Qxf5 {[%clk 0:22:13]} Rxa4 {[%clk 0:21:06]} 24. Be1
{[%clk 0:20:29]} Ne4 {[%clk 0:14:40]} 25. b5 {[%clk 0:17:40]} Ra2
{[%clk 0:11:49]} 26. bxc6 {[%clk 0:17:32]} bxc6 {[%clk 0:12:15]} 27. Qh5
{[%clk 0:12:03]} Qa7 {[%clk 0:08:41]} 28. Bxh4 {[%clk 0:09:16]} Qa3
{[%clk 0:04:23]} 29. Be1 {[%clk 0:07:51]} Nf6 {[%clk 0:03:31]} 30. Qf3
{[%clk 0:06:45]} c5 {[%clk 0:03:18]} 31. Rc3 {[%clk 0:04:08]} Qa7
{[%clk 0:03:28]} 32. dxc5 {[%clk 0:04:36]} Bxc5 {[%clk 0:03:49]} 33. Rbc1
{[%clk 0:04:43]} Ne4 {[%clk 0:01:57]} 34. Rd3 {[%clk 0:02:46]} d4
{[%clk 0:02:08]} 35. exd4 {[%clk 0:02:33]} Bxd4+ {[%clk 0:02:32]} 36. Kh1
{[%clk 0:02:09]} Bf2 {[%clk 0:01:52]} 37. Kh2 {[%clk 0:01:16]} Bg1+
{[%clk 0:02:07]} 38. Kh1 {[%clk 0:01:45]} Rf2 {[%clk 0:02:14]} 39. Qxe4
{[%clk 0:00:35]} Rxe4 {[%clk 0:02:33]} 0-1

[Event "imp"]
[Site "?"]
[Date "2015.04.01"]
[Round "8.7"]
[White "Mista, Aleksander"]
[Black "Brodowski, Piotr"]
[Result "1-0"]
[LiveChessVersion "1.4.4"]
[BlackElo "2435"]
[WhiteElo "2597"]

1. e4 {[%clk 1:30:57]} c5 {[%clk 1:30:55]} 2. Nf3 {[%clk 1:31:24]} Nc6
{[%clk 1:31:20]} 3. d4 {[%clk 1:31:24]} cxd4 {[%clk 1:31:43]} 4. Nxd4
{[%clk 1:31:52]} g6 {[%clk 1:32:05]} 5. Nc3 {[%clk 1:31:57]} Bg7 {[%clk 1:32:28]}
6. Be3 {[%clk 1:32:13]} Nf6 {[%clk 1:32:46]} 7. Bc4 {[%clk 1:32:32]} O-O
{[%clk 1:33:06]} 8. Bb3 {[%clk 1:32:59]} d6 {[%clk 1:33:28]} 9. h3
{[%clk 1:32:31]} Qa5 {[%clk 1:30:51]} 10. O-O {[%clk 1:32:46]} Bd7
{[%clk 1:25:32]} 11. Re1 {[%clk 1:32:58]} Rac8 {[%clk 1:23:24]} 12. Nf3
{[%clk 1:15:05]} b6 {[%clk 1:17:05]} 13. Bd2 {[%clk 1:06:21]} Qh5
{[%clk 1:10:25]} 14. Ne2 {[%clk 1:03:15]} Ne5 {[%clk 1:01:32]} 15. Nxe5
{[%clk 1:02:13]} Qxe5 {[%clk 1:01:49]} 16. Bc3 {[%clk 0:49:54]} Qg5
{[%clk 0:43:46]} 17. Ng3 {[%clk 0:47:46]} Rxc3 {[%clk 0:37:40]} 18. bxc3
{[%clk 0:48:08]} Qa5 {[%clk 0:34:55]} 19. Re3 {[%clk 0:45:24]} Bc6
{[%clk 0:34:30]} 20. Qe1 {[%clk 0:43:41]} h5 {[%clk 0:30:48]} 21. Rd1
{[%clk 0:37:17]} Qe5 {[%clk 0:25:37]} 22. Bd5 {[%clk 0:25:17]} Ba4
{[%clk 0:25:50]} 23. Rd4 {[%clk 0:21:22]} Bd7 {[%clk 0:16:46]} 24. Ne2
{[%clk 0:17:24]} h4 {[%clk 0:13:54]} 25. f4 {[%clk 0:17:21]} Qh5 {[%clk 0:14:21]}
26. Bb3 {[%clk 0:17:00]} e5 {[%clk 0:14:24]} 27. Rxd6 {[%clk 0:16:02]} exf4
{[%clk 0:14:48]} 28. e5 {[%clk 0:15:18]} fxe3 {[%clk 0:06:55]} 29. exf6
{[%clk 0:15:44]} Qe5 {[%clk 0:07:11]} 30. fxg7 {[%clk 0:15:29]} Qxd6
{[%clk 0:07:33]} 31. gxf8=R+ {[%clk 0:15:41]} Kxf8 {[%clk 0:07:53]} 32. Nd4
{[%clk 0:14:04]} Qe7 {[%clk 0:08:20]} 33. Qf1 {[%clk 0:13:52]} f5
{[%clk 0:08:45]} 34. Qc4 {[%clk 0:13:17]} Kg7 {[%clk 0:08:36]} 35. Qg8+
{[%clk 0:13:08]} Kf6 {[%clk 0:08:57]} 36. Qh8+ {[%clk 0:13:02]} Kg5
{[%clk 0:09:24]} 37. Nf3+ {[%clk 0:12:53]} Kf4 {[%clk 0:09:44]} 38. Qd4+
{[%clk 0:12:39]} Kg3 {[%clk 0:09:59]} 39. Nh2 {[%clk 0:12:01]} Bb5
{[%clk 0:07:44]} 40. c4 {[%clk 0:42:17]} Qe4 {[%clk 0:38:02]} 41. Qd6+
{[%clk 0:42:39]} 1-0

[Event "imp"]
[Site "?"]
[Date "2015.04.01"]
[Round "8.8"]
[White "Weichhold, Pawel"]
[Black "Grabarczyk, Miroslaw"]
[Result "1/2-1/2"]
[LiveChessVersion "1.4.4"]
[BlackElo "2433"]
[WhiteElo "2404"]

1. e4 {[%clk 1:30:57]} e5 {[%clk 1:30:48]} 2. Nf3 {[%clk 1:31:22]} Nf6
{[%clk 1:31:09]} 3. Nxe5 {[%clk 1:31:46]} d6 {[%clk 1:31:32]} 4. Nf3
{[%clk 1:32:12]} Nxe4 {[%clk 1:31:51]} 5. Nc3 {[%clk 1:32:39]} Nf6
{[%clk 1:27:54]} 6. d4 {[%clk 1:32:35]} Be7 {[%clk 1:27:36]} 7. Bg5
{[%clk 1:32:14]} O-O {[%clk 1:26:26]} 8. Qd2 {[%clk 1:30:44]} Bg4
{[%clk 1:20:22]} 9. O-O-O {[%clk 1:23:15]} Bxf3 {[%clk 1:19:35]} 10. gxf3
{[%clk 1:22:06]} Nd5 {[%clk 1:19:50]} 11. Bxe7 {[%clk 1:12:19]} Nxe7
{[%clk 1:20:09]} 12. h4 {[%clk 1:08:33]} d5 {[%clk 1:03:37]} 13. Bd3
{[%clk 0:56:02]} Nbc6 {[%clk 1:00:39]} 14. Ne2 {[%clk 0:54:48]} Qd6
{[%clk 0:58:41]} 15. c3 {[%clk 0:52:01]} Qf6 {[%clk 0:52:49]} 16. Rdg1
{[%clk 0:37:16]} Nd8 {[%clk 0:39:52]} 17. Nf4 {[%clk 0:27:53]} Ne6
{[%clk 0:30:55]} 18. Nh5 {[%clk 0:19:54]} Qxf3 {[%clk 0:30:38]} 19. Be2
{[%clk 0:17:53]} Qf5 {[%clk 0:17:23]} 20. Bg4 {[%clk 0:17:24]} Qg6
{[%clk 0:17:45]} 21. Bd1 {[%clk 0:15:41]} Qf5 {[%clk 0:17:47]} 22. f4
{[%clk 0:05:38]} Kh8 {[%clk 0:13:48]} 23. Rf1 {[%clk 0:06:00]} Nd8
{[%clk 0:12:26]} 24. Rhg1 {[%clk 0:05:12]} Rg8 {[%clk 0:10:18]} 25. Rg5
{[%clk 0:05:14]} Qd7 {[%clk 0:04:28]} 26. Bc2 {[%clk 0:04:27]} f5
{[%clk 0:03:21]} 27. Rg2 {[%clk 0:02:21]} Qd6 {[%clk 0:02:18]} 28. Ng3
{[%clk 0:02:06]} Qf6 {[%clk 0:02:07]} 29. Re2 {[%clk 0:01:20]} Qxh4 30. Nxf5
{[%clk 0:01:04]} Nxf5 {[%clk 0:01:17]} 31. Bxf5 {[%clk 0:01:31]} g6
{[%clk 0:01:24]} 32. Bd3 {[%clk 0:01:16]} Nf7 {[%clk 0:01:29]} 33. f5
{[%clk 0:01:13]} gxf5 {[%clk 0:01:41]} 34. Rxf5 {[%clk 0:01:31]} Nd6
{[%clk 0:01:50]} 35. Rh2 {[%clk 0:00:43]} Nxf5 {[%clk 0:01:23]} 36. Rxh4
{[%clk 0:00:57]} Nxh4 {[%clk 0:01:48]} 37. Qf4 {[%clk 0:00:41]} Ng6
{[%clk 0:02:00]} 38. Qxc7 {[%clk 0:00:37]} Rg7 {[%clk 0:02:12]} 39. Qd6
{[%clk 0:00:45]} Rf8 {[%clk 0:00:44]} 40. Kc2 {[%clk 0:30:34]} Ne7
{[%clk 0:30:38]} 41. Kb3 {[%clk 0:28:43]} Rf3 {[%clk 0:22:53]} 42. Bb5
{[%clk 0:26:34]} h5 {[%clk 0:15:14]} 43. Be2 {[%clk 0:20:29]} Rf5
{[%clk 0:15:13]} 44. Qd7 {[%clk 0:20:39]} h4 {[%clk 0:08:44]} 45. Qd8+
{[%clk 0:19:56]} Kh7 {[%clk 0:09:07]} 46. Bd3 {[%clk 0:19:46]} Kg6
{[%clk 0:07:05]} 47. Qd6+ {[%clk 0:08:35]} Kg5 {[%clk 0:06:27]} 48. Qh2
{[%clk 0:08:11]} Rf4 {[%clk 0:04:42]} 49. a4 {[%clk 0:08:39]} Rgf7
{[%clk 0:03:24]} 50. Be2 {[%clk 0:08:01]} R7f6 {[%clk 0:01:52]} 51. a5
{[%clk 0:07:09]} Re6 {[%clk 0:01:05]} 52. Qg1+ {[%clk 0:05:57]} Kh6
{[%clk 0:00:58]} 53. Bd3 {[%clk 0:05:55]} Ref6 {[%clk 0:01:06]} 54. Qg2
{[%clk 0:05:56]} Rf3 {[%clk 0:01:02]} 55. Qd2+ {[%clk 0:03:43]} R6f4
{[%clk 0:00:55]} 56. Be2 {[%clk 0:03:38]} Rf2 {[%clk 0:01:15]} 57. Qe3
{[%clk 0:04:05]} Ng6 {[%clk 0:00:49]} 58. Bg4 {[%clk 0:03:23]} Kg5
{[%clk 0:00:48]} 59. Bc8 {[%clk 0:03:40]} b6 {[%clk 0:01:09]} 60. a6
{[%clk 0:03:57]} R2f3 {[%clk 0:01:06]} 61. Qe8 {[%clk 0:03:30]} Rf8
{[%clk 0:00:45]} 62. Qe2 {[%clk 0:03:29]} R8f4 {[%clk 0:00:40]} 63. Qe8
{[%clk 0:03:29]} Rf8 {[%clk 0:00:42]} 64. Qe2 {[%clk 0:03:58]} R8f4
{[%clk 0:00:39]} 65. Qe8 {[%clk 0:04:26]} Rf8 {[%clk 0:00:33]} 1/2-1/2

[Event "imp"]
[Site "?"]
[Date "2015.04.01"]
[Round "8.9"]
[White "Sadzikowski, Daniel"]
[Black "Maksimenko, Andrei"]
[Result "1/2-1/2"]
[LiveChessVersion "1.4.4"]
[BlackElo "2495"]
[WhiteElo "2500"]

1. c4 {[%clk 1:30:56]} c5 {[%clk 1:30:39]} 2. Nf3 {[%clk 1:31:13]} Nc6
{[%clk 1:30:45]} 3. d4 {[%clk 1:31:22]} cxd4 {[%clk 1:31:10]} 4. Nxd4
{[%clk 1:31:49]} Nf6 {[%clk 1:29:06]} 5. Nc3 {[%clk 1:31:48]} e6 {[%clk 1:29:32]}
6. g3 {[%clk 1:31:43]} Qb6 {[%clk 1:29:54]} 7. Ndb5 {[%clk 1:32:09]} Ne5
{[%clk 1:20:18]} 8. Bf4 {[%clk 1:32:23]} Nfg4 {[%clk 1:19:05]} 9. Qa4
{[%clk 1:32:30]} g5 {[%clk 1:15:29]} 10. Bxe5 {[%clk 1:28:11]} Qxf2+
{[%clk 1:12:57]} 11. Kd1 {[%clk 1:28:35]} Nxe5 {[%clk 1:13:20]} 12. Nc7+
{[%clk 1:29:01]} Kd8 {[%clk 1:13:27]} 13. Nxa8 {[%clk 1:29:28]} Qd4+
{[%clk 1:13:31]} 14. Kc2 {[%clk 1:29:54]} Nxc4 {[%clk 1:13:52]} 15. e4
{[%clk 1:30:19]} Qd2+ {[%clk 1:09:16]} 16. Kb3 {[%clk 1:30:44]} Qxb2+
{[%clk 1:09:35]} 17. Kxc4 {[%clk 1:31:13]} Bg7 {[%clk 1:09:37]} 18. Qa5+
{[%clk 1:31:41]} b6 {[%clk 1:09:25]} 19. Qxg5+ {[%clk 1:31:59]} f6
{[%clk 1:09:42]} 20. Qb5 {[%clk 1:32:09]} Ba6 {[%clk 1:08:10]} 21. Qxa6
{[%clk 1:32:27]} f5 {[%clk 1:08:33]} 22. Qxa7 {[%clk 1:32:34]} Qxc3+
{[%clk 0:59:06]} 23. Kb5 {[%clk 1:32:57]} Qc6+ {[%clk 0:59:15]} 24. Ka6
{[%clk 1:32:49]} Qa4+ {[%clk 0:59:29]} 25. Kb7 {[%clk 1:33:14]} Qc6+
{[%clk 0:59:45]} 26. Ka6 {[%clk 1:33:42]} Qa4+ {[%clk 1:00:04]} 27. Kb7
{[%clk 1:34:08]} Qc6+ {[%clk 0:59:38]} 1/2-1/2